书目信息 |
| 书名: | A first course in analytical mechanics | |
| 作者: | Klaus Rossberg. | |
| 分册号: | ||
| 分册名: | 出版地: | New York : |
|
| 出版社: | Wiley | |
| 出版时间: | c1983. | |
| 页数: | xii, 291 p. : | |
| 开本: | 25 cm. | |
| 丛书名: | ||
| 中图分类号: | ||
| 科图分类号: | ||
| 其他分类号: | O316:H31 | |
| 主题词: | ||
| 电子资源: | ||
| 000 | 00675nam 2200229 a 4504 | |
| 001 | E0731097253 | |
| 005 | 20070226083847.40 | |
| 008 | 830215s1983 nyua b 00110 eng | |
| 010 | @a83003602 | |
| 020 | @a047186174X. | |
| 040 | @aDLC@cDLC@dCIN | |
| 050 | 00 | @aQA805@b.R67 1983 |
| 082 | 0 | @a531/.0151 @2 19 |
| 090 | @aP216/W9 | |
| 090 | @aO316:H31 | |
| 099 | @dO316:H31@ex4 | |
| 100 | 1 | @aRossberg, Klaus. |
| 245 | 12 | @aA first course in analytical mechanics / @cKlaus Rossberg. |
| 260 | 0 | @aNew York :@bWiley,@cc1983. |
| 300 | @axii, 291 p. :@bill. ;@c25 cm. | |
| 504 | @aIncludes bibliographical references and index. | |
| 650 | 0 | @aMechanics, Analytic. |
| A first course in analytical mechanics / / Klaus Rossberg.-New York : : Wiley, , c1983. |
| xii, 291 p. : : ill. ; ; 25 cm. |
| Includes bibliographical references and index. |
| ISBN 047186174X. |
| ● |
| 相关链接 |
|
|
|
|
正题名:first course in analytical mechanics
索取号:O316:H31/x4
 
预约/预借
| 序号 | 登录号 | 条形码 | 馆藏地/架位号 | 状态 | 备注 |
| 1 | 129531 | 000453100 | 第四借阅区/ [索取号:O316:H31/x4] | 在馆 | |
| 2 | 129532 | 000453011 | 第四借阅区/ [索取号:O316:H31/x4] | 在馆 | |
| 3 | 129533 | 000453066 | 第四借阅区/ [索取号:O316:H31/x4] | 在馆 | |
| 4 | 129534 | 000453020 | 第四借阅区/ [索取号:O316:H31/x4] | 在馆 | |
| 5 | 129535 | 000453057 | 第二样本阅览室/ [索取号:O316:H31/x4] | 在馆 |